Lesson Planning of Universal Design and Adaptations for Visually Challenged/ (Record no. 191234)

MARC details
000 -LEADER
fixed length control field 00576nam a2200181 4500
005 - DATE AND TIME OF LATEST TRANSACTION
control field 20220823151010.0
010 ## - LCCN (DPL NO)
LC control number ENG-134564
020 ## - INTERNATIONAL STANDARD BOOK NUMBER
Terms of availability 1595.00
International Standard Book Number 9789389740974
035 ## - SYSTEM CONTROL NUMBER
System control number EN-118096
037 ## - SOURCE OF ACQUISITION
Source of stock number/acquisition DBAD/PUB
082 ## - DEWEY DECIMAL CLASSIFICATION NUMBER
Classification number 371.3
100 ## - MAIN ENTRY--PERSONAL NAME
Personal name Mishra, Premananda
245 ## - TITLE STATEMENT
Title Lesson Planning of Universal Design and Adaptations for Visually Challenged/
Statement of responsibility, etc Premananda Mishra at all
260 ## - PUBLICATION, DISTRIBUTION, ETC. (IMPRINT)
Place of publication, distribution, etc Hyderabad
Name of publisher, distributor, etc Neelkamal Publications
Date of publication, distribution, etc 2021
270 ## - ADDRESS
Address Sultan Bazar
City Hyderabad
Postal code 500095
300 ## - PHYSICAL DESCRIPTION
Extent xix,25p.
Dimensions 25cm(hbk)
942 ## - ADDED ENTRY ELEMENTS (KOHA)
Source of classification or shelving scheme Dewey Decimal Classification
Item type English Books
Classification part 371.5
Call number suffix MIS
Holdings
Withdrawn status Lost status Not for loan Collection code Home library Current library Date acquired Source of acquisition Cost, normal purchase price Full call number Barcode Copy number Cost, replacement price Koha item type
      Non-fiction Ashok Vihar Ashok Vihar 23/08/2022 DBAD/PUB 1595.00 371.5 MIS EN-118096 1 1595.00 English Books

© Delhi Public Library
Hit Counter
free hit counter